Ceny na trzích kapitalistických států a devizové kursy 1/82 čtvrtletní rekapitulace

Na minha lista:
Detalhes bibliográficos
Formato: Livro
Idioma:tcheco
Publicado em: Praha Výzkumný ústav pro zahraniční obchod 1982
Tags: Adicionar Tag
Sem tags, seja o primeiro a adicionar uma tag!

MARC

LEADER 00000nam a2200000 4500
001 c130465
005 20260309095703.6
041 0 |a cze 
044 |a CZ 
245 1 0 |a Ceny na trzích kapitalistických států a devizové kursy 1/82  |b čtvrtletní rekapitulace 
264 1 |a Praha  |b Výzkumný ústav pro zahraniční obchod  |c 1982 
300 |a 52 s.